[Event "Campeonato de Aragon por Equipos 2024 -"]
[Site "Aragon"]
[Date "2024.01.27"]
[Round "1.1"]
[White "Ramiro Ovejero, Juan Luis"]
[Black "Cifuentes Parada, Roberto"]
[Result "1-0"]
[WhiteElo "2317"]
[BlackElo "2380"]
[PlyCount "89"]
[GameId "2166508109672505"]
[EventDate "2024.01.27"]
[WhiteTeam "Jaime Casas"]
[BlackTeam "Jaque - Aramovil"]

1. d4 Nf6 2. Nf3 d6 3. Bf4 g6 4. Nc3 Bg7 5. Qd2 c6 6. e4 b5 7. Bd3 Bg4 8. Ng1 O-O 9. h3 Be6 10. Nf3 Nbd7 11. Bh6 Bc4 12. Bxg7 Kxg7 13. Bxc4 bxc4 14. e5 Nd5 15. O-O Qa5 16. exd6 exd6 17. Ne4 Qxd2 18. Nfxd2 N7b6 19. Nxd6 c3 20. bxc3 Nxc3 21. Nf3 Rfd8 22. Nb7 Ne2+ 23. Kh2 Rd5 24. Rfd1 Rb8 25. Nc5 Nxd4 26. Nxd4 Rxc5 27. Rab1 Rc8 28. Rd3 Rc4 29. Re1 Rc7 30. Re2 Ra4 31. a3 a6 32. Rb3 Nd5 33. Re4 Ra5 34. c4 Nf6 35. Ree3 Rc5 36. Rbc3 a5 37. g4 a4 38. f4 Rd7 39. Nf3 Ra5 40. Kg3 Ra8 41. Ne5 Rd6 42. Kf3 Rb8 43. Rcd3 Rbd8 44. g5 Nd7 45. Rxd6 1-0

[Event "Campeonato de Aragon por Equipos 2024 -"]
[Site "Aragon"]
[Date "2024.01.27"]
[Round "1.2"]
[White "Escartin Lacasa, Jose"]
[Black "Fontana Sotomayor, Luis Javier"]
[Result "1-0"]
[WhiteElo "2252"]
[BlackElo "2209"]
[PlyCount "95"]
[GameId "2166508109983802"]
[EventDate "2024.01.27"]
[WhiteTeam "Jaque - Aramovil"]
[BlackTeam "Jaime Casas"]

1. d4 Nf6 2. Nf3 g6 3. c4 Bg7 4. Nc3 d5 5. cxd5 Nxd5 6. e4 Nxc3 7. bxc3 c5 8. Be3 Qa5 9. Qd2 O-O 10. Rc1 Rd8 11. d5 e6 12. c4 Qa3 13. Be2 Nc6 14. O-O b6 15. Bh6 Nd4 16. Nxd4 Bxd4 17. Qf4 Qb2 18. Rcd1 Be5 19. Qf3 Bd7 20. Rd2 Qb4 21. Rfd1 Re8 22. h4 Ba4 23. Rc1 Bg7 24. a3 Qb3 25. Qf4 e5 26. Qe3 Qxe3 27. Bxe3 f5 28. f3 h6 29. Bd1 Bd7 30. a4 Bf8 31. Rb1 f4 32. Bf2 Bd6 33. Ra2 Reb8 34. a5 b5 35. cxb5 Rxb5 36. Rc1 Kf7 37. Be2 Rb7 38. Rac2 Ba4 39. Rc3 Rb2 40. Bf1 Rc8 41. Ba6 Rcb8 42. Bxc5 Bxc5+ 43. Rxc5 Rd2 44. Rc7+ Kf6 45. Rxa7 Rbb2 46. Bf1 Bc2 47. Rc7 g5 48. a6 1-0

[Event "Campeonato de Aragon por Equipos 2024 -"]
[Site "Aragon"]
[Date "2024.01.27"]
[Round "1.3"]
[White "Newrkla, Katharina"]
[Black "Ereza Vizcarra, Fernando"]
[Result "1-0"]
[WhiteElo "2209"]
[BlackElo "2166"]
[PlyCount "133"]
[GameId "2166508110037051"]
[EventDate "2024.01.27"]
[WhiteTeam "Jaime Casas"]
[BlackTeam "Jaque - Aramovil"]

1. e4 d6 2. d4 Nf6 3. Nc3 e5 4. Nf3 Nbd7 5. Bc4 Be7 6. O-O O-O 7. Re1 c6 8. a4 a5 9. h3 Nb6 10. Ba2 Nfd7 11. Be3 exd4 12. Nxd4 Nc5 13. Qh5 Nbxa4 14. Nxa4 Nxa4 15. Nf3 b5 16. Ng5 Bxg5 17. Bxg5 Qc7 18. Re3 Kh8 19. Rg3 f6 20. Bf4 Nxb2 21. Rb1 Nc4 22. Bxc4 bxc4 23. Rd1 Qf7 24. Qxf7 Rxf7 25. Rxd6 Bd7 26. Ra3 a4 27. Rd4 Be6 28. Rxa4 Rc8 29. Rd6 Re7 30. f3 Bf7 31. Bd2 Rb7 32. Bc3 Kg8 33. Kf2 Kf8 34. Ra6 Be8 35. g4 Rd7 36. Rxd7 Bxd7 37. Ra7 Ke8 38. h4 h6 39. Ra5 Rb8 40. g5 hxg5 41. hxg5 Rb5 42. Ra8+ Ke7 43. gxf6+ gxf6 44. Ra7 f5 45. exf5 Rxf5 46. Ke3 Kd6 47. Ra1 Be6 48. f4 Bd5 49. Be5+ Ke6 50. Kd4 Rh5 51. Rg1 Rh6 52. Rg5 Kf7 53. f5 Rh7 54. c3 Ke7 55. Rg1 Rh4+ 56. Kc5 Rh5 57. Rf1 Kf7 58. Kd6 Be4 59. f6 Rf5 60. Rg1 Bd5 61. Rg7+ Kf8 62. Rc7 Ke8 63. Re7+ Kf8 64. Bd4 Rf1 65. Rh7 Rf5 66. Kd7 Rf1 67. Rg7 1-0

[Event "Campeonato de Aragon por Equipos 2024 -"]
[Site "Aragon"]
[Date "2024.01.27"]
[Round "1.4"]
[White "Montoro Mavilla, Sergio"]
[Black "Roque Sola, Jose Luis"]
[Result "0-1"]
[WhiteElo "1787"]
[BlackElo "2129"]
[PlyCount "100"]
[GameId "2166508110094396"]
[EventDate "2024.01.27"]
[WhiteTeam "Jaque - Aramovil"]
[BlackTeam "Jaime Casas"]

1. e4 e5 2. Nf3 Nc6 3. Bb5 a6 4. Bxc6 dxc6 5. Nc3 Bd6 6. d4 exd4 7. Qxd4 f6 8. Be3 Qe7 9. Ne2 Bd7 10. O-O-O Nh6 11. h3 Nf7 12. Nf4 Ne5 13. Nd3 Nxd3+ 14. Qxd3 O-O-O 15. Rhe1 Be6 16. Qd4 c5 17. Qa4 Bd7 18. Qb3 Bb5 19. a3 Rhe8 20. Qc3 b6 21. Bd2 Qf7 22. Kb1 Bc6 23. e5 Bxe5 24. Nxe5 Rxe5 25. Rxe5 fxe5 26. f3 e4 27. fxe4 Bxe4 28. Re1 Qg6 29. g3 h5 30. h4 Qf5 31. Bf4 Rd4 32. Kc1 Qd5 33. b3 Qf5 34. Rd1 Qf6 35. Rxd4 Qxd4 36. Qxd4 cxd4 37. Be5 c5 38. a4 g6 39. Kd2 Kd7 40. c3 d3 41. b4 Kc6 42. bxc5 Kxc5 43. Bc7 a5 44. Bd8 b5 45. axb5 Kxb5 46. Be7 Kc4 47. Ba3 Kb3 48. Bc1 a4 49. Ke3 Kc2 50. Bd2 a3 0-1

[Event "Campeonato de Aragon por Equipos 2024 -"]
[Site "Aragon"]
[Date "2024.01.27"]
[Round "1.5"]
[White "Glavina, Pablo"]
[Black "Guzman Moneo, Alberto"]
[Result "1-0"]
[WhiteElo "2406"]
[BlackElo "2170"]
[PlyCount "77"]
[GameId "2166508110229565"]
[EventDate "2024.01.27"]
[WhiteTeam "MyInvestor Casablanca A"]
[BlackTeam "Helios"]

1. e4 c5 2. Nf3 d6 3. d4 cxd4 4. Nxd4 Nf6 5. Nc3 Nc6 6. Bc4 Qb6 7. Nf3 Bg4 8. O-O e6 9. h3 Bh5 10. Be3 Qb4 11. Qd3 a6 12. a3 Qa5 13. b4 Qc7 14. b5 Na5 15. Ba2 Bxf3 16. gxf3 Be7 17. bxa6 Rxa6 18. Nb5 Qb8 19. Rab1 O-O 20. Nd4 Qc7 21. f4 d5 22. e5 Ne4 23. Nb5 Qd7 24. c4 Nc5 25. Qc2 Nxc4 26. Bxc4 dxc4 27. Qxc4 Ra4 28. Qc2 Qd3 29. Rfc1 b6 30. Nd6 Qxa3 31. Rxb6 Na6 32. Rb3 Qa2 33. Rb2 Qa3 34. Nb5 Nb4 35. Nxa3 Nxc2 36. Nxc2 Rc8 37. Rcb1 Rac4 38. Nd4 g6 39. Rb8 1-0

[Event "Campeonato de Aragon por Equipos 2024 -"]
[Site "Aragon"]
[Date "2024.01.27"]
[Round "1.6"]
[White "Cerrajeria Ruiz, Jesus Maria"]
[Black "Quintin Navarro, Alberto"]
[Result "0-1"]
[WhiteElo "2060"]
[BlackElo "2371"]
[PlyCount "144"]
[GameId "2166508110413886"]
[EventDate "2024.01.27"]
[WhiteTeam "Helios"]
[BlackTeam "MyInvestor Casablanca A"]

1. Nf3 d5 2. g3 c6 3. Bg2 Bg4 4. c4 e6 5. Qb3 Qb6 6. Nc3 Nd7 7. Na4 Qb4 8. Qxb4 Bxb4 9. b3 Ngf6 10. O-O O-O 11. d3 h6 12. h3 Bf5 13. Nd4 Bh7 14. Nc2 Bd6 15. Ba3 Bxa3 16. Nxa3 e5 17. cxd5 Nxd5 18. Bxd5 cxd5 19. Rfc1 Bf5 20. Kg2 e4 21. d4 e3 22. f3 a6 23. g4 Be6 24. Nc5 Nxc5 25. Rxc5 f5 26. Rc7 fxg4 27. hxg4 h5 28. gxh5 Rf5 29. Rh1 Rg5+ 30. Kf1 Bf7 31. Nc2 Re8 32. Rc3 Bxh5 33. Nxe3 Bf7 34. Kf2 Rg6 35. Ng4 Rge6 36. Ne5 R6e7 37. b4 g6 38. Rhc1 Kg7 39. Rc7 Kf6 40. a4 Be6 41. b5 axb5 42. axb5 Rxc7 43. Rxc7 Re7 44. Rxe7 Kxe7 45. b6 g5 46. Nd3 Kd6 47. Ne5 Ke7 48. Kg3 Kd6 49. e3 Ke7 50. Kf2 Kd6 51. Kg2 Ke7 52. Kg3 Kd6 53. f4 gxf4+ 54. exf4 Ke7 55. Kh4 Kf6 56. Nd3 Kf5 57. Nc5 Bc8 58. Kg3 Kf6 59. Kf3 Ke7 60. Kg3 Kf6 61. Na4 Ke6 62. Nc3 Bd7 63. Kh4 Kf5 64. Nxd5 Be6 65. Nc3 Kxf4 66. Kh5 Ke3 67. d5 Bd7 68. Kg5 Kd4 69. Kf6 Kxc3 70. Ke7 Ba4 71. d6 Kb4 72. d7 Bxd7 0-1

[Event "Campeonato de Aragon por Equipos 2024 -"]
[Site "Aragon"]
[Date "2024.01.27"]
[Round "1.7"]
[White "Adla, Diego"]
[Black "Lacamara Pasamar, Miguel"]
[Result "1-0"]
[WhiteElo "2383"]
[BlackElo "1887"]
[PlyCount "75"]
[GameId "2166508110512191"]
[EventDate "2024.01.27"]
[WhiteTeam "MyInvestor Casablanca A"]
[BlackTeam "Helios"]

1. e4 e6 2. d3 d5 3. Qe2 Nf6 4. Nf3 Be7 5. g3 O-O 6. Bg2 c5 7. O-O Nc6 8. e5 Nd7 9. c4 dxc4 10. dxc4 Qc7 11. Bf4 b6 12. Nc3 a6 13. Nd5 exd5 14. cxd5 Ndxe5 15. dxc6 Nxf3+ 16. Bxf3 Bd6 17. Bxd6 Qxd6 18. Rad1 Qc7 19. Bd5 Ra7 20. Rfe1 a5 21. a4 g6 22. Qf3 Bf5 23. Qc3 Raa8 24. Qf6 Rae8 25. Bc4 Be6 26. Rxe6 fxe6 27. Bxe6+ Rxe6 28. Qxe6+ Qf7 29. Qxf7+ Kxf7 30. Rd7+ Ke6 31. Rxh7 Kd5 32. Rg7 c4 33. Rxg6 Kc5 34. h4 Kb4 35. c7 b5 36. Rb6 Rc8 37. Rxb5+ Kxa4 38. Rb7 1-0

[Event "Campeonato de Aragon por Equipos 2024 -"]
[Site "Aragon"]
[Date "2024.01.27"]
[Round "1.8"]
[White "Del Rey, Diego"]
[Black "Lopez Gracia, Fernando"]
[Result "1-0"]
[WhiteElo "2302"]
[BlackElo "2252"]
[PlyCount "153"]
[GameId "2166508110577728"]
[EventDate "2024.01.27"]
[WhiteTeam "El Olivar"]
[BlackTeam "Iberajedrez Mundo 64"]

1. d4 Nf6 2. Nf3 e6 3. g3 b6 4. Bg2 Bb7 5. O-O Be7 6. c4 O-O 7. Nc3 Ne4 8. Bd2 Bf6 9. Qc2 Nxd2 10. Qxd2 c5 11. e4 cxd4 12. Nxd4 a6 13. Rfe1 Qc7 14. e5 Be7 15. Bxb7 Qxb7 16. Rad1 Rd8 17. Qf4 Nc6 18. Ne4 Rac8 19. Nf3 h6 20. g4 Qb8 21. Nd6 Bxd6 22. Rxd6 Ne7 23. Qd4 Qc7 24. b3 b5 25. Rc1 Qb7 26. Nd2 bxc4 27. Nxc4 Ng6 28. Re1 Nh4 29. Qe4 Qb4 30. Red1 Rc5 31. f4 Qc3 32. Qd3 Qxd3 33. R1xd3 Ng6 34. R3d4 a5 35. Kf2 Rb8 36. Rxd7 a4 37. Rd8+ Rxd8 38. Rxd8+ Kh7 39. Ke3 axb3 40. axb3 Rb5 41. Rd3 Ne7 42. Ke4 Nd5 43. f5 Rb4 44. Kd4 g5 45. Kc5 Rb8 46. Nd6 Kg7 47. h3 Nf4 48. Rf3 Nd5 49. Nc4 Rc8+ 50. Kd6 Rd8+ 51. Kc6 Rb8 52. fxe6 fxe6 53. Kd7 Nf4 54. h4 Rb5 55. h5 Rd5+ 56. Kc6 Nd3 57. Re3 Nb4+ 58. Kb6 Nd3 59. Re2 Nc1 60. Re3 Nd3 61. Kc7 Rd4 62. Nd6 Rd5 63. Kd7 Nxe5+ 64. Kxe6 Nxg4 65. Rg3 Re5+ 66. Kd7 Nf6+ 67. Kc6 Nxh5 68. Rg1 Nf4 69. b4 Ne6 70. b5 Nd4+ 71. Kb6 Kg6 72. Rb1 g4 73. Kc7 Rc5+ 74. Kd7 Rd5 75. b6 Nf5 76. b7 Rxd6+ 77. Kc7 1-0

[Event "Campeonato de Aragon por Equipos 2024 -"]
[Site "Aragon"]
[Date "2024.01.27"]
[Round "1.9"]
[White "Villalba Embid, Marcos"]
[Black "Munoz Perez, Ivan"]
[Result "1/2-1/2"]
[WhiteElo "2103"]
[BlackElo "2259"]
[PlyCount "107"]
[GameId "2166508110651457"]
[EventDate "2024.01.27"]
[WhiteTeam "Iberajedrez Mundo 64"]
[BlackTeam "El Olivar"]

1. c4 Nf6 2. Nc3 g6 3. g3 Bg7 4. Bg2 O-O 5. Nf3 d6 6. O-O c6 7. d3 d5 8. Bf4 d4 9. Na4 Nh5 10. Be5 Bxe5 11. Nxe5 Qd6 12. Nf3 Na6 13. Nd2 Nf6 14. a3 Nc5 15. Nxc5 Qxc5 16. b4 Qh5 17. Re1 Bh3 18. e4 Qxd1 19. Rexd1 Bxg2 20. Kxg2 e5 21. Nb3 Nd7 22. Rd2 Rfc8 23. f4 f6 24. Rf1 b6 25. a4 c5 26. bxc5 Nxc5 27. Nxc5 Rxc5 28. fxe5 fxe5 29. Rf6 Re8 30. Rd6 Re7 31. Rd5 Rec7 32. Rb2 Kf7 33. Kf3 Ke6 34. Rb5 h6 35. Rd8 Rf7+ 36. Kg2 Rxb5 37. axb5 g5 38. Rh8 Rf6 39. Rh7 g4 40. Rxa7 Kd6 41. Rb7 Kc5 42. Rc7+ Kb4 43. Rc6 Rf3 44. Rxb6 Rxd3 45. Rc6 Rd2+ 46. Kf1 Kc3 47. b6 d3 48. c5 Rb2 49. Rd6 Kd2 50. Kf2 Kc3+ 51. Ke1 Rb1+ 52. Kf2 Rb2+ 53. Ke1 Rb1+ 54. Kf2 1/2-1/2

[Event "Campeonato de Aragon por Equipos 2024 -"]
[Site "Aragon"]
[Date "2024.01.27"]
[Round "1.10"]
[White "Miranda Herrera, Miguel"]
[Black "Martinez Cebolla, Alberto"]
[Result "1-0"]
[WhiteElo "2104"]
[BlackElo "2048"]
[PlyCount "71"]
[GameId "2166508110708802"]
[EventDate "2024.01.27"]
[WhiteTeam "El Olivar"]
[BlackTeam "Iberajedrez Mundo 64"]

1. d4 Nf6 2. Nc3 d5 3. Bf4 a6 4. e3 e6 5. h4 c5 6. h5 h6 7. Qf3 Nc6 8. Nge2 Bd6 9. dxc5 Bxc5 10. Qg3 Qe7 11. Qxg7 Rh7 12. Qg3 e5 13. Nxd5 Nxd5 14. Qg8+ Qf8 15. Qxh7 exf4 16. Qe4+ Be6 17. O-O-O O-O-O 18. Nxf4 Nxf4 19. Rxd8+ Qxd8 20. Qxf4 Nb4 21. Bc4 Qa5 22. Bxe6+ fxe6 23. a3 Nd5 24. Qxh6 Bxa3 25. Qh8+ Kd7 26. bxa3 Nc3 27. Rd1+ Nxd1 28. Kxd1 Qxa3 29. h6 Qa5 30. Qg7+ Kc6 31. h7 Qd5+ 32. Kc1 Qc4 33. Qd4 Qf1+ 34. Kb2 Qb5+ 35. Kc3 Qa5+ 36. Kd3 1-0

[Event "Campeonato de Aragon por Equipos 2024 -"]
[Site "Aragon"]
[Date "2024.01.27"]
[Round "1.12"]
[White "Garcia Acin, Pablo"]
[Black "Galstyan, David"]
[Result "0-1"]
[WhiteElo "1976"]
[BlackElo "2052"]
[PlyCount "94"]
[GameId "2166508110766147"]
[EventDate "2024.01.27"]
[WhiteTeam "Iberajedrez Mundo 64"]
[BlackTeam "El Olivar"]

1. e4 e6 2. d4 d5 3. Nc3 Bb4 4. Nge2 dxe4 5. a3 Bxc3+ 6. Nxc3 Nc6 7. Bb5 Nge7 8. Bg5 f6 9. Be3 O-O 10. Nxe4 f5 11. Bxc6 Nxc6 12. Nc3 f4 13. Bd2 Qxd4 14. Qe2 Qf6 15. O-O-O e5 16. Nd5 Qf7 17. Bc3 Bf5 18. g4 fxg3 19. fxg3 Rad8 20. Ne3 Be4 21. Rxd8 Rxd8 22. Rf1 Qe6 23. Kb1 Nd4 24. Qf2 h6 25. g4 c5 26. Qh4 Re8 27. g5 Qg6 28. gxh6 Bxc2+ 29. Nxc2 Nxc2 30. h7+ Kh8 31. Ka2 Qxh7 32. Qa4 Qg6 33. Rg1 Qe6+ 34. Kb1 Nd4 35. Re1 Qf5+ 36. Ka2 Qf7+ 37. Kb1 b5 38. Qa6 Qf5+ 39. Ka2 Qe6+ 40. Qxe6 Rxe6 41. b4 Nf3 42. Re3 cxb4 43. axb4 e4 44. Bb2 Kh7 45. Rc3 e3 46. Rc7 e2 47. Rxg7+ Kh6 0-1

[Event "Campeonato de Aragon por Equipos 2024 -"]
[Site "Aragon"]
[Date "2024.01.27"]
[Round "1.13"]
[White "Vela Frago, Alberto"]
[Black "Llanes Luno, Ricardo"]
[Result "0-1"]
[WhiteElo "2310"]
[BlackElo "2149"]
[PlyCount "86"]
[GameId "2166508110823492"]
[EventDate "2024.01.27"]
[WhiteTeam "MyInvestor Casablanca B"]
[BlackTeam "Delicias"]

1. e4 c5 2. Nf3 e6 3. d3 d5 4. Qe2 Nc6 5. g3 Nf6 6. Bg2 Be7 7. O-O O-O 8. e5 Nd7 9. c4 d4 10. h4 a6 11. Bf4 Re8 12. Nbd2 f5 13. exf6 Nxf6 14. Ne5 Nxe5 15. Bxe5 Bd6 16. Rfe1 Rb8 17. Bxd6 Qxd6 18. Qe5 Qxe5 19. Rxe5 b6 20. Rae1 Kf7 21. a3 a5 22. b4 axb4 23. axb4 Nd7 24. R5e2 cxb4 25. Bc6 Re7 26. Bxd7 Bxd7 27. Nf3 b5 28. c5 Rc8 29. Rc1 Bc6 30. Ne5+ Kf6 31. f4 Bd5 32. c6 Rec7 33. Rb2 b3 34. Rc5 Bxc6 35. Rxb3 Be8 36. Rxc7 Rxc7 37. Rb4 Rc2 38. Rxd4 Bc6 39. Rd6 b4 40. Nc4 b3 41. f5 Rxc4 42. dxc4 b2 43. Rd1 Be4 0-1

[Event "Campeonato de Aragon por Equipos 2024 -"]
[Site "Aragon"]
[Date "2024.01.27"]
[Round "1.14"]
[White "Lamas Mercadal, Manuel"]
[Black "Lorente Melcon, Maximo"]
[Result "1-0"]
[WhiteElo "2098"]
[BlackElo "2137"]
[PlyCount "123"]
[GameId "2166508110938181"]
[EventDate "2024.01.27"]
[WhiteTeam "Delicias"]
[BlackTeam "MyInvestor Casablanca B"]

1. e4 c5 2. d4 cxd4 3. c3 Nf6 4. e5 Nd5 5. Nf3 d6 6. exd6 Qxd6 7. Na3 Nc6 8. Nb5 Qd8 9. Nbxd4 Nxd4 10. Qxd4 Nb6 11. Qxd8+ Kxd8 12. Ng5 Ke8 13. Be3 Bd7 14. O-O-O Bc6 15. Be2 e6 16. Bf3 Rc8 17. Rhe1 Be7 18. Kb1 Nd5 19. Bc1 b5 20. Nxe6 fxe6 21. Rxe6 Bd7 22. Re5 Nc7 23. Rde1 Be6 24. Rxe6 Nxe6 25. Rxe6 Kf7 26. Bd5 Rhd8 27. Bb3 Kf8 28. Be3 a5 29. Re5 a4 30. Bc2 a3 31. Rf5+ Ke8 32. Rxb5 axb2 33. Kxb2 Bf6 34. Rb3 g6 35. Be4 Rc4 36. f3 Rdc8 37. Bd2 Ke7 38. Kc2 R8c7 39. Bd5 Ra4 40. Rb5 Rd4 41. Bb3 Rd8 42. c4 Bd4 43. Ba5 Rcd7 44. Bxd8+ Rxd8 45. Rd5 Rxd5 46. cxd5 Bg1 47. h3 g5 48. Kd3 Kd6 49. Ke4 h5 50. Kf5 Be3 51. a4 h4 52. a5 Kc7 53. Ke6 Bc5 54. a6 Ba7 55. d6+ Kd8 56. Ba4 Bb6 57. d7 Bf2 58. Kf6 Be3 59. Bb5 Bd4+ 60. Kxg5 Bf2 61. f4 Ke7 62. f5 1-0

[Event "Campeonato de Aragon por Equipos 2024 -"]
[Site "Aragon"]
[Date "2024.01.27"]
[Round "1.15"]
[White "Ruiz Fernandez, Daniel"]
[Black "Llanes Luno, Pedro Alfredo"]
[Result "1/2-1/2"]
[WhiteElo "2031"]
[BlackElo "2063"]
[PlyCount "102"]
[GameId "2166508110995526"]
[EventDate "2024.01.27"]
[WhiteTeam "MyInvestor Casablanca B"]
[BlackTeam "Delicias"]

1. e4 c5 2. Nf3 d6 3. d4 cxd4 4. Nxd4 Nf6 5. Nc3 a6 6. h3 e6 7. g4 Be7 8. Bg2 Nc6 9. Be3 O-O 10. O-O Ne5 11. Qe2 Ng6 12. g5 Ne8 13. Qh5 b5 14. f4 b4 15. Nc6 Qd7 16. Nxe7+ Nxe7 17. Ne2 Bb7 18. Rad1 Rc8 19. Nd4 Qc7 20. Rf2 g6 21. Qh4 e5 22. Nb3 Ng7 23. Rfd2 Ne6 24. fxe5 dxe5 25. Rd7 Rfd8 26. Rxc7 Rxd1+ 27. Kh2 Rxc7 28. Qg3 Rxc2 29. Qxe5 Nf5 30. Qb8+ Nd8 31. Bd2 Rcxd2 32. Nxd2 Rxd2 33. Kg1 Nh4 34. Bh1 h6 35. Qf4 Rd1+ 36. Kh2 hxg5 37. Qxg5 Ne6 38. Qxh4 Rd2+ 39. Kg3 Rxb2 40. Qe7 Bc6 41. Bf3 Bb5 42. Bg4 Ng7 43. Kf4 Rxa2 44. Qxb4 Ra4 45. Qd6 Rc4 46. Bd7 Nh5+ 47. Kf3 Rc3+ 48. Kf2 Rc2+ 49. Kf3 Rc3+ 50. Kf2 Rc2+ 51. Kf3 Rc3+ 1/2-1/2

[Event "Campeonato de Aragon por Equipos 2024 -"]
[Site "Aragon"]
[Date "2024.01.27"]
[Round "1.16"]
[White "Gaspar Calvo, Luis Alberto"]
[Black "Jaime Galeano, Alcher"]
[Result "1/2-1/2"]
[WhiteElo "1839"]
[BlackElo "1787"]
[PlyCount "111"]
[GameId "2166508111069255"]
[EventDate "2024.01.27"]
[WhiteTeam "Delicias"]
[BlackTeam "MyInvestor Casablanca B"]

1. d4 d5 2. c4 e6 3. g3 h6 4. Bg2 Nf6 5. Nf3 Bd6 6. Nc3 Nc6 7. O-O O-O 8. b3 b6 9. Bb2 Bb7 10. cxd5 exd5 11. Rc1 Re8 12. Nh4 Bf8 13. Nf5 g6 14. Ne3 Ne7 15. b4 a6 16. a4 Qd7 17. b5 c5 18. dxc5 bxc5 19. bxa6 Rxa6 20. Nb5 d4 21. Bxb7 Qxb7 22. Ng2 Ned5 23. e3 dxe3 24. fxe3 Re4 25. Qf3 Qe7 26. Ba3 Rexa4 27. Bxc5 Qe4 28. Qxe4 Nxe4 29. Bxf8 Kxf8 30. Nc7 Nxc7 31. Rxc7 Rf6 32. Rxf6 Nxf6 33. h3 Ra1+ 34. Kh2 Ra2 35. g4 g5 36. Kg3 Nd5 37. Rc8+ Ke7 38. Rh8 Ra6 39. Kf3 Re6 40. h4 gxh4 41. e4 Rf6+ 42. Ke2 h3 43. e5 Rg6 44. Nh4 Rxg4 45. Rxh6 Re4+ 46. Kf3 Rxe5 47. Kg3 Re3+ 48. Kh2 Ra3 49. Nf5+ Ke8 50. Rxh3 Rxh3+ 51. Kxh3 Kd7 52. Kg4 f6 53. Ng7 Ke7 54. Nh5 Ne3+ 55. Kf3 Nc4 56. Nxf6 1/2-1/2

[Event "Campeonato de Aragon por Equipos 2024 -"]
[Site "Aragon"]
[Date "2024.01.27"]
[Round "1.17"]
[White "Ramon Perez, Jose Luis"]
[Black "Fernandez Guillen, Ernesto J"]
[Result "0-1"]
[WhiteElo "2189"]
[BlackElo "2465"]
[PlyCount "80"]
[GameId "2166508111130696"]
[EventDate "2024.01.27"]
[WhiteTeam "Fraga"]
[BlackTeam "Marcos Frechin A"]

1. e4 c5 2. Nc3 Nc6 3. Bb5 Nd4 4. Nf3 e6 5. O-O a6 6. Bd3 Nc6 7. e5 Qc7 8. Re1 Nge7 9. Be4 Rb8 10. d3 b5 11. Bf4 f5 12. exf6 Qxf4 13. fxe7 Nxe7 14. d4 b4 15. Na4 d5 16. Nxc5 dxe4 17. Rxe4 Qf6 18. Qe2 Rb6 19. Re1 Nd5 20. Nxe6 Bxe6 21. Rxe6+ Rxe6 22. Qxe6+ Qxe6 23. Rxe6+ Be7 24. Rxa6 O-O 25. Ra5 Rd8 26. Kf1 Nb6 27. Ra7 Bf8 28. Rb7 Na4 29. a3 Rc8 30. axb4 Rxc2 31. b3 Nc3 32. Rb8 Rc1+ 33. Ne1 Kf7 34. f3 Nd5 35. Kf2 Bxb4 36. Nd3 Rc2+ 37. Kg3 Bd6+ 38. Ne5+ Ke6 39. Re8+ Kf6 40. Kh3 Nf4+ 0-1

[Event "Campeonato de Aragon por Equipos 2024 -"]
[Site "Aragon"]
[Date "2024.01.27"]
[Round "1.18"]
[White "Hinojar Basa, Alfonso"]
[Black "Vallverdu Miret, Oscar"]
[Result "1/2-1/2"]
[WhiteElo "2215"]
[BlackElo "2084"]
[PlyCount "70"]
[GameId "2166508111216713"]
[EventDate "2024.01.27"]
[WhiteTeam "Marcos Frechin A"]
[BlackTeam "Fraga"]

1. e4 d5 2. exd5 Nf6 3. d4 Bg4 4. Nf3 Qxd5 5. Be2 Nc6 6. Be3 O-O-O 7. Nbd2 e6 8. O-O Qf5 9. c4 h5 10. Qb1 Qxb1 11. Raxb1 Be7 12. a3 Bf5 13. Rbc1 Ne4 14. Rfd1 Bf6 15. Nb3 Ne7 16. Ne5 Rdf8 17. f3 Bg5 18. f4 Bh6 19. Bf3 f6 20. Nd3 g5 21. Ndc5 Nxc5 22. Nxc5 c6 23. Re1 g4 24. Bd1 b6 25. Nb3 Ng6 26. g3 Re8 27. Bc2 Re7 28. Bxf5 exf5 29. Bf2 Rhe8 30. Rxe7 Rxe7 31. Kf1 Bf8 32. c5 Rc7 33. Re1 Re7 34. Rc1 Rc7 35. Re1 Re7 1/2-1/2

[Event "Campeonato de Aragon por Equipos 2024 -"]
[Site "Aragon"]
[Date "2024.01.27"]
[Round "1.19"]
[White "Aribau Rivas, Miguel Angel"]
[Black "Miranda Herrera, Jorge Manuel"]
[Result "0-1"]
[WhiteElo "2029"]
[BlackElo "2091"]
[PlyCount "74"]
[GameId "2166508111269962"]
[EventDate "2024.01.27"]
[WhiteTeam "Fraga"]
[BlackTeam "Marcos Frechin A"]

1. e4 d6 2. d4 Nf6 3. Bd3 e5 4. c3 d5 5. dxe5 Nxe4 6. Bxe4 dxe4 7. Qxd8+ Kxd8 8. Bf4 Nd7 9. Ne2 Nc5 10. O-O Nd3 11. Nd2 Nxb2 12. Nxe4 Bf5 13. N2g3 Be6 14. Ng5 Bc4 15. Rfb1 Nd3 16. Be3 Kc8 17. f4 Ba3 18. Rd1 Bb2 19. Rab1 Bxa2 20. Nxf7 Re8 21. Nf5 Bxb1 22. Rxb1 a5 23. Nxg7 Re7 24. e6 Bxc3 25. Rd1 Bxg7 26. Rxd3 b5 27. f5 Kb7 28. Bg5 Rxf7 29. exf7 a4 30. Be7 Kc6 31. f6 Bf8 32. Rg3 a3 33. Bxf8 a2 34. Rc3+ Kd7 35. Rc1 a1=Q 36. Rxa1 Rxa1+ 37. Kf2 Ke6 0-1

[Event "Campeonato de Aragon por Equipos 2024 -"]
[Site "Aragon"]
[Date "2024.01.27"]
[Round "1.20"]
[White "Moya Gimeno, Raul"]
[Black "Agustin De Dios, Adrian"]
[Result "1/2-1/2"]
[WhiteElo "1928"]
[BlackElo "1752"]
[PlyCount "92"]
[GameId "2166508111319115"]
[EventDate "2024.01.27"]
[WhiteTeam "Marcos Frechin A"]
[BlackTeam "Fraga"]

1. e4 c5 2. Nf3 e6 3. d3 Qc7 4. g3 Nc6 5. Bg2 Nf6 6. O-O Be7 7. Re1 d6 8. Bf4 e5 9. Bg5 h6 10. Bxf6 Bxf6 11. Nc3 Be6 12. Nd2 a6 13. a4 O-O 14. h4 Rab8 15. Nf1 b5 16. axb5 axb5 17. Ne3 Ne7 18. Qh5 g6 19. Qf3 Bg7 20. g4 b4 21. Ne2 Qd7 22. Ng3 Qd8 23. Ra6 Bc8 24. Ra4 Nc6 25. h5 Nd4 26. Qd1 Be6 27. Ra6 Ra8 28. Rxa8 Qxa8 29. c3 bxc3 30. bxc3 Nc6 31. Qc1 Bf6 32. Nd5 Bxd5 33. exd5 Bg5 34. Qc2 Ne7 35. Ne4 Qd8 36. Ra1 f5 37. Nxg5 hxg5 38. Qd2 Nc8 39. hxg6 Qf6 40. gxf5 Qxf5 41. Qe2 g4 42. Be4 Qf4 43. Qe3 Kg7 44. Rb1 Qf6 45. Rb7+ Ne7 46. Qg3 Qg5 1/2-1/2

[Event "Campeonato de Aragon por Equipos 2024 -"]
[Site "Aragon"]
[Date "2024.01.27"]
[Round "1.21"]
[White "Arrieta Restrepo, Steven"]
[Black "Romero Pallares, Daniel"]
[Result "1/2-1/2"]
[WhiteElo "2079"]
[BlackElo "2296"]
[PlyCount "53"]
[GameId "2166508111417420"]
[EventDate "2024.01.27"]
[WhiteTeam "Monzon"]
[BlackTeam "Palacio De Pioneros"]

1. d4 d5 2. c4 e6 3. Nf3 Nf6 4. g3 a6 5. Bg2 Bd6 6. O-O O-O 7. Qc2 b6 8. Nbd2 Bb7 9. Ne5 c5 10. e3 Re8 11. Rd1 cxd4 12. exd4 Qc7 13. Re1 dxc4 14. Bxb7 Qxb7 15. Ndxc4 Bf8 16. Qe2 Qd5 17. Rd1 Nc6 18. Nxc6 Qxc6 19. b3 Rac8 20. Bb2 Be7 21. Rac1 Qd5 22. Ne5 Nd7 23. Qe3 Rxc1 24. Rxc1 Nxe5 25. dxe5 Bc5 26. Qe2 Rd8 27. Rc2 1/2-1/2

[Event "Campeonato de Aragon por Equipos 2024 -"]
[Site "Aragon"]
[Date "2024.01.27"]
[Round "1.22"]
[White "Palacios Herrero, Pablo"]
[Black "Barranco Mananet, Fernando"]
[Result "1/2-1/2"]
[WhiteElo "2190"]
[BlackElo "2013"]
[PlyCount "52"]
[GameId "2166508111503437"]
[EventDate "2024.01.27"]
[WhiteTeam "Palacio De Pioneros"]
[BlackTeam "Monzon"]

1. e4 e6 2. d4 d5 3. e5 c5 4. c3 Nc6 5. Nf3 Bd7 6. Be2 f6 7. O-O fxe5 8. dxe5 Nh6 9. c4 d4 10. Re1 Be7 11. Bd3 Qc7 12. Na3 Nf7 13. Bf4 O-O-O 14. Qd2 a6 15. Nc2 h6 16. Bg6 Rhf8 17. a3 Na5 18. Qd3 Nh8 19. Bg3 Nxc4 20. Qxc4 Nxg6 21. Rac1 b5 22. Qd3 Nf4 23. Qd2 d3 24. Bxf4 dxc2 25. Bg3 g5 26. Qxc2 Bc6 1/2-1/2